Study guide for use with macroeconomics
Na minha lista:
| Autor principal: | |
|---|---|
| Formato: | Livro |
| Idioma: | Undetermined |
| Publicado em: |
Boston
Irvin/McGraw-Hill
2002
|
| Assuntos: | |
| Tags: |
Adicionar Tag
Sem tags, seja o primeiro a adicionar uma tag!
|
| Thư viện lưu trữ: | Trung tâm Học liệu Trường Đại học Cần Thơ |
|---|
| LEADER | 00509nam a2200181Ia 4500 | ||
|---|---|---|---|
| 001 | CTU_109748 | ||
| 008 | 210402s9999 xx 000 0 und d | ||
| 082 | |a 339 | ||
| 082 | |b D361 | ||
| 100 | |a DeLong, J. Bradford | ||
| 245 | 0 | |a Study guide for use with macroeconomics | |
| 245 | 0 | |c J. Bradford DeLong, Martha L. Olney | |
| 260 | |a Boston | ||
| 260 | |b Irvin/McGraw-Hill | ||
| 260 | |c 2002 | ||
| 650 | |a Macroeconomics | ||
| 904 | |i Minh, Q. Hieu | ||
| 980 | |a Trung tâm Học liệu Trường Đại học Cần Thơ | ||